Score 0/22 Timer 02:00
2 Plays Today
Clue 4-Letter Word % Correct
Aquatic military branchNAVY
96.3%
Sad; sky colorBLUE
92%
Paste; sticky adhesiveGLUE
90.8%
Events that have happenedPAST
86.6%
Blog entry; mail delivery organizationPOST
84.1%
Move like a riverFLOW
84%
An agreement, often between nationsPACT
83.2%
Main body of a churchNAVE
83.1%
Cover with concrete or blacktopPAVE
83.1%
Level, like a pancakeFLAT
82.5%
Tempo; throb, like a heartBEAT
81.6%
Clue 4-Letter Word % Correct
Speed, velocity; the distance of a stepPACE
81.6%
Lentil or kidneyBEAN
81.3%
Rare accomplishmentFEAT
80.1%
Singular form for popular denim pantsJEAN
77.7%
Facial expression for sulkingPOUT
77.5%
Defect; mistake (like Achilles' heel)FLAW
77%
An overabundance; excessGLUT
76.7%
Painful joint inflammationGOUT
76.3%
Shapeless mass; Steve McQueen horror filmBLOB
75.4%
Drug biopic starring Johnny DeppBLOW
73.7%
Cry or whineBLUB
71.1%

Today's Daily Dose

Remove Ads.
Support Sporcle.
Get the best of Sporcle when you Go Orange. This ad-free experience offers more features, more stats, and more fun while also helping to support Sporcle. Thank you for becoming a member.

You're not logged in!

Compare scores with friends on all Sporcle quizzes.
OR
Log In

Show Comments

Extras

Top Quizzes Today


Score Distribution

Your Account Isn't Verified!

In order to create a playlist on Sporcle, you need to verify the email address you used during registration. Go to your Sporcle Settings to finish the process.

Report this User

Report this user for behavior that violates our Community Guidelines.

Details: